000 00863nam a22002657a 4500
001 9100
003 FISKH
005 20251120124007.0
008 251120b cb ||||| |||| 00| 0 eng d
020 _a9780385419789
040 _aFISKH
_beng
_cFISKH
_dFISKH
050 _aQH641 .B38
082 _a 574.19
100 _aBarkan, Joanne
245 _aCreatures that glow :
_bThis book glows in the dark /
_cJoanne Barkan
260 _aNew York :
_bDoubleday,
_c1991.
300 _a29 pages :
_bcolor illustrations ;
_c27 cm
505 _aR
520 _aIntroduces animals and plants that produce their own light, from sea pens and fireflies to mushrooms. Includes photographs that glow in the dark.
521 8 _a660
_bLexile estimate
521 8 _aR
_bRaz-Plus
650 _aAnimals
_vBioluminescence
942 _2ddc
_cBK
_n0
999 _c9100
_d9100